| 000 | 00853cam a2200241 4500 | ||
|---|---|---|---|
| 001 | 5876 | ||
| 005 | 20181127180444.0 | ||
| 008 | 140526t20142014ii a 001 0 eng | ||
| 010 | _a 2014355750 | ||
| 020 | _a9789351362197 | ||
| 100 | 1 |
_aAhluwalia, Isher Judge, _d1945- _eauthor. |
|
| 245 | 1 | 0 |
_aTransforming our cities : _bpostcards of change / _cIsher Judge Ahluwalia. |
| 264 | 1 |
_aNoida, India _bHarperCollins Publishers India, _c2014. |
|
| 300 |
_axxiv, 287 pages : _billustrations ; _c23 cm |
||
| 336 |
_atext _btxt _2rdacontent |
||
| 337 |
_aunmediated _bn _2rdamedia |
||
| 338 |
_avolume _bnc _2rdacarrier |
||
| 500 | _aIncludes index. | ||
| 650 | 0 |
_aCity planning _xHealth aspects _zIndia _vCase studies. |
|
| 650 | 0 |
_aCity planning _zIndia _vCase studies. |
|
| 650 | 0 |
_aInfrastructure (Economics) _zIndia. |
|
| 650 | 0 |
_aUrban renewal _zIndia _vCase studies. |
|
| 999 |
_c4962 _d4962 |
||